Normal view
MARC view
Entry Topical Term
001 - CONTROL NUMBER
- control field: 27675
003 - CONTROL NUMBER IDENTIFIER
- control field: OSt
005 - DATE AND TIME OF LATEST TRANSACTION
- control field: 20260608154109.0
008 - FIXED-LENGTH DATA ELEMENTS
- fixed length control field: 260608|| aca||aabn | a|a d
040 ## - CATALOGING SOURCE
- Original cataloging agency: OSt
- Transcribing agency: OSt
150 ## - HEADING--TOPICAL TERM
- Topical term or geographic name entry element: Effective teaching-United states
670 ## - SOURCE DATA FOUND
- Source citation: Work cat.: (OSt)23545: Marzano, Robert J. 27674, Classroom instructions that works:Research based strategies for increasing student association, 2001
